The text of the New Testament : (Record no. 1518)

MARC details
000 -LEADER
fixed length control field 01282cam a2200349 a 4500
001 - CONTROL NUMBER
control field 113991
003 - CONTROL NUMBER IDENTIFIER
control field GBCCL
005 - DATE AND TIME OF LATEST TRANSACTION
control field 20241126110403.0
008 - FIXED-LENGTH DATA ELEMENTS--GENERAL INFORMATION
fixed length control field 950609s1995 miuad b 001 0 eng d
010 ## -
-- 89027534
020 ## - INTERNATIONAL STANDARD BOOK NUMBER
International Standard Book Number 0802840981
035 ## - SYSTEM CONTROL NUMBER
System control number (OCoLC)ocm32624322
040 ## - CATALOGING SOURCE
Original cataloging agency GMB
Transcribing agency GMB
Modifying agency LBB
049 ## -
-- LBBK
-- LBBC
050 00 -
-- BS1937.5
-- .A42 1995
082 00 - DEWEY DECIMAL CLASSIFICATION NUMBER
Classification number 225.487
Edition information 20
Item number ALA
090 ## - LOCALLY ASSIGNED LC-TYPE CALL NUMBER (OCLC); LOCAL CALL NUMBER (RLIN)
Classification number (OCLC) (R) ; Classification number, CALL (RLIN) (NR) BS1937.5
Local cutter number (OCLC) ; Book number/undivided call number, CALL (RLIN) .A42 1995
100 1# - MAIN ENTRY--PERSONAL NAME
Personal name Aland, Kurt.
9 (RLIN) 3049
240 10 -
-- Text des Neuen Testaments.
-- English
245 14 - TITLE STATEMENT
Title The text of the New Testament :
Remainder of title an introduction to the critical editions and to the theory and practice of modern textual criticism /
Statement of responsibility, etc. Kurt Aland and Barbara Aland ; translated by Erroll F. Rhodes.
250 ## - EDITION STATEMENT
Edition statement 2nd ed., rev. and enl.
260 ## - PUBLICATION, DISTRIBUTION, ETC.
Place of publication, distribution, etc. Grand Rapids :
Name of publisher, distributor, etc. W.B. Eerdmans,
Date of publication, distribution, etc. 1995.
300 ## - PHYSICAL DESCRIPTION
Extent xviii, 366 p., [4] folded leaves of plates :
Other physical details ill. ;
Dimensions 24 cm.
500 ## - GENERAL NOTE
General note Translation of: Der Text des Neuen Testaments. 2nd ed.
500 ## - GENERAL NOTE
General note Charts in back
504 ## - BIBLIOGRAPHY, ETC. NOTE
Bibliography, etc. note Includes bibliographical references and index.
630 00 - SUBJECT ADDED ENTRY--UNIFORM TITLE
Uniform title Bible.
Name of part/section of a work N.T.
Language of a work Greek
General subdivision Versions.
9 (RLIN) 3050
630 00 - SUBJECT ADDED ENTRY--UNIFORM TITLE
Uniform title Bible.
Name of part/section of a work N.T.
General subdivision Criticism, Textual.
9 (RLIN) 3051
630 00 - SUBJECT ADDED ENTRY--UNIFORM TITLE
Uniform title Bible.
Name of part/section of a work N.T.
General subdivision Versions.
9 (RLIN) 3052
700 1# - ADDED ENTRY--PERSONAL NAME
Personal name Aland, Barbara.
9 (RLIN) 3053
942 ## - ADDED ENTRY ELEMENTS (KOHA)
Source of classification or shelving scheme Dewey Decimal Classification
Koha item type Books
Koha issues (borrowed), all copies 9
Holdings
Withdrawn status Lost status Source of classification or shelving scheme Damaged status Not for loan Home library Current Library Shelving location Date acquired Total checkouts Full call number Barcode Date last seen Date last checked out Copy number Price effective from Koha item type
    Dewey Decimal Classification     GRACE BIBLE COLLEGE GRACE BIBLE COLLEGE Biblical Studies 2017-05-03 9 225.487 ALA 009947 2025-05-01 2024-07-16 c.1 2017-05-03 Books
© Grace Bible College Library 2025